Bagaces: producción agropecuaria, rama de actividad, empleo, ingresos, migración estacional, inmigración

সংরক্ষণ করুন:
গ্রন্থ-পঞ্জীর বিবরন
সংস্থা লেখক: Instituto de Fomento y Asesoría Municipal (Costa Rica)
বিন্যাস: পাঠ‍্য
প্রকাশিত: San José: El Instituto
ট্যাগগুলো: ট্যাগ যুক্ত করুন
কোনো ট্যাগ নেই, প্রথমজন হিসাবে ট্যাগ করুন!

MARC

LEADER 00000 a a2200000 04500
001 16558
003
040
090 |a EXTRAVIADO  
110 |a Instituto de Fomento y Asesoría Municipal (Costa Rica)  
245 |a Bagaces: producción agropecuaria, rama de actividad, empleo, ingresos, migración estacional, inmigración  
260 |a San José:   |b El Instituto  
300 |a 13 p.  
999 |c 14259  |d 14259